Systematic theology. (Record no. 23560)

MARC details
000 -LEADER
fixed length control field 00317cam a2200133u 4500
082 ## - DEWEY DECIMAL CLASSIFICATION NUMBER
Classification number 230
Author Cutter CHA
100 1# - MAIN ENTRY--AUTHOR NAME
Author name Chafer, Lewis Sperry,
245 00 - TITLE STATEMENT
Title Systematic theology.
260 ## - PUBLICATION, DISTRIBUTION, ETC. (IMPRINT)
Place of publication Dallas,
Name of publisher Dallas Seminary Press
Year of publication [1947-48]
300 ## - PHYSICAL DESCRIPTION
Number of Pages 8 v.
Other physical details port.
650 #0 - SUBJECT ADDED ENTRY--TOPICAL TERM
Topical Term Theology, Doctrinal.
942 ## - ADDED ENTRY ELEMENTS (KOHA)
Koha item type Books
Holdings
Home library Current library Shelving location Date acquired Full call number Accession Number Koha item type
Henry Martyn Institute Library Henry Martyn Institute Library General stacks 08/28/2025 230 CHA 13976 Books
Henry Martyn Institute Library Henry Martyn Institute Library General stacks 08/28/2025 230 CHA 13977 Books
                   Copyright © 2026 | Henry Martyn Institute | Hyderabad | TS-500052 | INDIA | Implemented by hmi.edu.in
Hit-Count:

Powered by Koha